Annual Report on Exchange Arrangements and Exchange Restrictions 1973.

This paper highlights the exchange rate for the pound sterling soon after it began to float, moved within a relatively narrow range in relation to other major currencies and unrest in the exchange markets moderated. In some countries, such as Australia and Spain, where outward capital movements were...

Descripció completa

Dades bibliogràfiques
Autor corporatiu: International Monetary Fund. External Relations Dept
Format: Revista
Idioma:English
Publicat: Washington, D.C. : International Monetary Fund, 1973.
Col·lecció:Annual Report on Exchange Arrangements and Exchange Restrictions
Accés en línia:Full text available on IMF
LEADER 02280cas a2200241 a 4500
001 AALejournalIMF017107
008 230101c9999 xx r poo 0 0eng d
020 |c 50.00 USD 
020 |z 9781475547474 
022 |a 0250-7366 
040 |a BD-DhAAL  |c BD-DhAAL 
110 2 |a International Monetary Fund.  |b External Relations Dept. 
245 1 0 |a Annual Report on Exchange Arrangements and Exchange Restrictions 1973. 
264 1 |a Washington, D.C. :  |b International Monetary Fund,  |c 1973. 
300 |a 1 online resource (556 pages) 
490 1 |a Annual Report on Exchange Arrangements and Exchange Restrictions 
500 |a <strong>Off-Campus Access:</strong> No User ID or Password Required 
500 |a <strong>On-Campus Access:</strong> No User ID or Password Required 
506 |a Electronic access restricted to authorized BRAC University faculty, staff and students 
520 3 |a This paper highlights the exchange rate for the pound sterling soon after it began to float, moved within a relatively narrow range in relation to other major currencies and unrest in the exchange markets moderated. In some countries, such as Australia and Spain, where outward capital movements were still subject to considerable restrictions, these were relaxed to various extents. In a number of primary producing as well as industrial countries, the control of inward capital movements was motivated not by their immediate balance of payments impact but by concern over the extent of foreign ownership of certain sectors of the economy. Contrary to expectations, the monetary unrest remained and capital movements increased. After moderating somewhat in the second half of 1972, late in the period gold prices started to rise again, and they reached new peaks in early 1973. Guatemala, Hong Kong, and Kuwait abolished exchange control. Germany, invoking Article 23 of the Foreign Trade and Payments Law, restricted additional types of capital transactions between residents and nonresidents in order to ward off capital inflows. 
538 |a Mode of access: Internet 
830 0 |a Annual Report on Exchange Arrangements and Exchange Restrictions 
856 4 0 |z Full text available on IMF  |u http://elibrary.imf.org/view/books/012/23702-9781475547474-en/23702-9781475547474-en-book.xml  |z IMF e-Library